Infección en cirugía (Registro nro. 4091)

Detalles MARC
000 -CABECERA
campo de control de longitud fija 00719nam a2200229 a 4500
001 - NÚMERO DE CONTROL
campo de control Rebiun02955476
003 - IDENTIFICADOR DEL NÚMERO DE CONTROL
campo de control AR-RoIUNI
005 - FECHA Y HORA DE LA ÚLTIMA TRANSACCIÓN
campo de control 20241122062816.0
008 - DATOS DE LONGITUD FIJA--INFORMACIÓN GENERAL
campo de control de longitud fija 951130s1994 sp a 000 spa
017 ## - NÚMERO DE COPYRIGHT O DE DEPÓSITO LEGAL
Número de copyright o de depósito legal M13303-1994
020 ## - NÚMERO INTERNACIONAL ESTÁNDAR DEL LIBRO
Número Internacional Estándar del Libro 8481740101
040 ## - FUENTE DE LA CATALOGACIÓN
Centro catalogador/agencia de origen SpMaUCME
Centro/agencia transcriptor AR-RoIUNI
080 ## - NÚMERO DE LA CLASIFICACIÓN DECIMAL UNIVERSAL
Número de la Clasificación Decimal Universal 617.5 FER
100 1# - ENTRADA PRINCIPAL--NOMBRE DE PERSONA
9 (RLIN) 359
Nombre de persona Fernández, Miguel Caínzos
245 10 - MENCIÓN DE TÍTULO
Título Infección en cirugía
Mención de responsabilidad, etc. Comité Nacional de Infección Quirúrgica, Asociación Española de Cirujanos ; coordinador Miguel Caínzos Fernández
260 ## - PUBLICACIÓN, DISTRIBUCIÓN, ETC. (PIE DE IMPRENTA)
Lugar de publicación, distribución, etc. Barcelona... [etc.] :
Nombre del editor, distribuidor, etc. Mosby/Doyma,
Fecha de publicación, distribución, etc. D.L. 1994
300 ## - DESCRIPCIÓN FÍSICA
Extensión X, 292 p.
Otras características físicas il. ;
Dimensiones 26 cm
650 10 - PUNTO DE ACCESO ADICIONAL DE MATERIA--TÉRMINO DE MATERIA
Término de materia o nombre geográfico como elemento inicial Medicina
9 (RLIN) 58
650 10 - PUNTO DE ACCESO ADICIONAL DE MATERIA--TÉRMINO DE MATERIA
Término de materia o nombre geográfico como elemento inicial Cirugía
9 (RLIN) 78
650 14 - PUNTO DE ACCESO ADICIONAL DE MATERIA--TÉRMINO DE MATERIA
Término de materia o nombre geográfico como elemento inicial Infección
942 ## - ELEMENTOS DE PUNTO DE ACCESO ADICIONAL (KOHA)
Fuente del sistema de clasificación o colocación Clasificación Decimal Universal
Tipo de ítem Koha Libros
Existencias
Estado de retiro Estado de pérdida Fuente del sistema de clasificación o colocación Estado dañado Excepción de préstamo Código de colección Localización permanente Ubicación/localización actual Ubicación en estantería Fecha de adquisición Número de inventario Total de préstamos Signatura topográfica completa Código de barras Fecha visto por última vez Precio válido a partir de Tipo de ítem Koha
    Clasificación Decimal Universal     Medicina BIBLIOTECA CENTRAL BIBLIOTECA CENTRAL BIBLIOTECA CENTRAL 15/11/2018 4467   617.5 FER 4467c 15/11/2018 15/11/2018 Libros